Music Quiz

Random Music or Minefield Quiz

Sweet Child O' Minefield Quiz Stats

 Plays Quiz Updated Jan 3, 2017

Support Sporcle.
Go Orange.
Score 0/186 Timer 06:00
0 Plays Today
Word % Correct
???
78.2%
???
78.2%
???
78.2%
???
78.2%
???
78.2%
???
78.2%
???
78.2%
???
78.2%
???
78.2%
???
75.8%
???
75.8%
???
75.8%
???
72.5%
???
72.5%
???
72.5%
???
72.5%
???
72.5%
???
72.5%
???
72.5%
???
72.1%
???
72.1%
???
70.8%
???
68.8%
???
68.8%
???
66.4%
???
66.4%
???
66.4%
???
66.4%
???
66.4%
???
66.4%
???
66.4%
???
66.4%
???
65.9%
???
65.9%
???
62.9%
???
62.9%
???
62.9%
???
62.9%
???
62.9%
???
60.9%
???
60.9%
???
60.9%
???
60.9%
???
59.7%
???
59.7%
???
59.6%
???
59.6%
???
59.6%
???
59.6%
???
59.6%
???
58.7%
???
58.7%
???
58.7%
???
58.7%
???
58.2%
???
58.2%
???
57.9%
???
57.9%
???
57.9%
???
57.9%
???
57.9%
???
56.6%
Word % Correct
???
56.3%
???
56.3%
???
56.3%
???
56.3%
???
55.2%
???
55.2%
???
55.2%
???
55.2%
???
55.2%
???
55.2%
???
54.3%
???
52.6%
???
52%
???
51.7%
???
51.6%
???
50.9%
???
49.2%
???
49.2%
???
49.2%
???
49.2%
???
49.2%
???
49.2%
???
49.2%
???
49.2%
???
49.2%
???
49.2%
???
45.8%
???
45.8%
???
45.8%
???
45.8%
???
44.5%
???
42.1%
???
42.1%
???
42.1%
???
42.1%
???
42.1%
???
42.1%
???
42.1%
???
42.1%
???
42.1%
???
42.1%
???
41.8%
???
41.8%
???
40.8%
???
39.9%
???
39.9%
???
39.3%
???
39.3%
???
39%
???
38.8%
???
37.3%
???
37.3%
???
37.1%
???
35.7%
???
35.1%
???
34.5%
???
34%
???
34%
???
34%
???
34%
???
34%
???
34%
Word % Correct
???
34%
???
34%
???
34%
???
34%
???
34%
???
33.5%
???
32.6%
???
32.6%
???
32.6%
???
32.6%
???
32.6%
???
32.6%
???
32.6%
???
32.6%
???
32.6%
???
30.9%
???
30.9%
???
29.6%
???
28.9%
???
27.7%
???
27.7%
???
27.7%
???
27.7%
???
27.4%
???
26.7%
???
26.7%
???
26.7%
???
26.7%
???
26.7%
???
26.7%
???
26.7%
???
26.7%
???
26.2%
???
24.6%
???
23.9%
???
23.8%
???
23.4%
???
23.4%
???
23.4%
???
22.3%
???
21.8%
???
21.4%
???
21.3%
???
20.5%
???
20.4%
???
20.1%
???
19.9%
???
19.8%
???
19.6%
???
19.6%
???
18.7%
???
18.7%
???
16.6%
???
15.7%
???
15.2%
???
15%
???
14.6%
???
14.3%
???
14%
???
13.9%
???
13.6%
???
12.7%

You're not logged in!

Compare scores with friends on all Sporcle quizzes.
OR
Log In
Forgot?

From the Vault

Country by Church Building or Cathedral

by NO_r_WAY

There's a lot of epic architecture to appreciate here.
Remove Ads.
Support Sporcle.
Get the best of Sporcle when you Go Orange. This ad-free experience offers more features, more stats, and more fun while also helping to support Sporcle. Thank you for becoming a member.

Show Comments

Extras

Top Quizzes Today


Score Distribution

Your Account Isn't Verified!

In order to create a playlist on Sporcle, you need to verify the email address you used during registration. Go to your Sporcle Settings to finish the process.

Report this User

Report this user for behavior that violates our Community Guidelines.

Details: